Lịch sử Trung đại Thế Giới Quyển 2 Phần Phương Đông

Đã lưu trong:
书目详细资料
主要作者: Lương Ninh
格式: 图书
出版: H. Đại học và Trung học chuyên nghiệp 1984
主题:
标签: 添加标签
没有标签, 成为第一个标记此记录!
Thư viện lưu trữ: Trung tâm Học liệu Lê Vũ Hùng, Trường Đại học Đồng Tháp
LEADER 00953pam a22002418a 4500
001 00022996
005 20171026081022.0
008 110608s1984 ||||||Viesd
041 0 # |a Vie 
082 1 4 |a 930  |b L302S 
100 0 # |a Lương Ninh 
245 0 0 |a Lịch sử Trung đại Thế Giới  |c Lương Ninh  |n Quyển 2  |p Phần Phương Đông 
260 # # |a H.  |b Đại học và Trung học chuyên nghiệp  |c 1984 
300 # # |a 239 tr.  |c 19 cm. 
653 # # |a Giáo trình 
653 # # |a lịch sử thế giới 
653 # # |a Lịch sử trung đại 
852 # # |b Kho giáo trình  |j KGT.0025971, KGT.0025972, KGT.0025973, KGT.0025974 
852 # # |b Kho mượn  |j KM.0003285 
852 # # |j KGT.0025971  |j KGT.0025973  |j KGT.0025974  |j KM.0003285  |j KD.0009791  |j KGT.0025972 
852 # # |b Kho đọc  |j KD.0009791 
910 0 # |a ngọc  |d 08/06/2011 
980 # # |a Trung tâm Học liệu Lê Vũ Hùng, Trường Đại học Đồng Tháp